000 00526nam a2200193Ia 4500
003 OSt
005 20250215121747.0
008 210210b1938 xxu||||| |||| 00| 0 eng d
040 _cAL
041 _ahin
082 _a861/198
100 _aTRIPATI (Suryakant)
_9200062
110 _bत्रिपाठी सूर्यकांत
_9200063
245 _aTulasidas:
_bतुलसीदास
260 _aIllahabad
_bBharati Bhandar
_c1938
690 _aHindi Poetry
_9200065
906 _a023218
942 _2ddc
_cBK
999 _c148148
_d148148